[Event "Florianopolis op 8th"]
[Site "Florianopolis"]
[Date "2022.01.26"]
[Round "4"]
[White "Pereira, Geanfrancesco"]
[Black "Borges, Lucas Silvestre"]
[Result "1-0"]
[WhiteElo "2100"]
[BlackElo "1841"]
[PlyCount "95"]
[EventDate "2022.01.24"]
[EventType "swiss"]
[EventRounds "10"]
[EventCountry "BRA"]
[SourceTitle "CBM 206 Extra"]
[Source "ChessBase"]
[SourceDate "2022.03.31"]
[SourceVersion "1"]
[SourceVersionDate "2022.03.31"]
[SourceQuality "1"]

1. e4 c5 2. Nc3 Nc6 3. f4 d6 4. Bc4 g6 5. Nf3 e6 6. 0-0 Bg7 7. d3 Nge7 8. f5 d5 9. fxg6 hxg6 10. Bb3 d4 11. Ne2 Qd6 12. h3 Na5 13. Ng5 Rf8 14. Qe1 Nxb3 15. axb3 f6 16. e5 Qxe5 17. Bf4 Qd5 18. c4 Qc6 19. Ne4 e5 20. Bd2 f5 21. Ng5 Bf6 22. b4 cxb4 23. Nh7 Rh8 24. Nxf6+ Qxf6 25. Bxb4 Nc6 26. Bc5 Kf7 27. b4 Bd7 28. b5 Ne7 29. Ra2 Rh4 30. Rxa7 Rxa7 31. Bxa7 f4 32. Kh2 Nf5 33. Ng1 Ne3 34. Nf3 Nxf1+ 35. Qxf1 Rh5 36. Bb8 Qh8 37. Bc7 Qe8 38. Qe2 Kf6 39. Qe4 Bc8 40. Qd5 Qe6 41. Qd8+ Kg7 42. Kg1 Rf5 43. b6 Bd7 44. Qb8 Bc8 45. Bxe5+ Kh6 46. Qc7 Rf7 47. Qd8 Qf5 48. Qh8+ 1-0

[Event "Florianopolis op 8th"]
[Site "Florianopolis"]
[Date "2022.01.25"]
[Round "3"]
[White "Supi, Luis Paulo"]
[Black "Pereira, Geanfrancesco"]
[Result "1-0"]
[WhiteElo "2581"]
[BlackElo "2100"]
[PlyCount "75"]
[EventDate "2022.01.24"]
[EventType "swiss"]
[EventRounds "10"]
[EventCountry "BRA"]
[SourceTitle "EXT 2023"]
[Source "ChessBase"]
[SourceDate "2022.10.05"]
[SourceVersion "1"]
[SourceVersionDate "2022.10.05"]
[SourceQuality "1"]

1. e4 c5 2. Nf3 d6 3. d4 cxd4 4. Qxd4 a6 5. Be2 Nc6 6. Qe3 g6 7. 0-0 Bg7 8. h3 Nf6 9. c4 0-0 10. Nc3 Nd7 11. Rd1 Rb8 12. Rb1 Qa5 13. Bd2 Nde5 14. Ne1 f5 15. exf5 Bxf5 16. Rbc1 Qd8 17. b3 Nd7 18. Nf3 Nc5 19. Qg5 Ne6 20. Qh4 Bf6 21. Ng5 Nxg5 22. Bxg5 Bxg5 23. Qxg5 e5 24. Qe3 Qf6 25. Bf1 Nd4 26. Ne2 Nxe2+ 27. Bxe2 b6 28. Rd2 Kg7 29. Rcd1 Rfd8 30. Rd5 Rb7 31. Bf3 Rbd7 32. R5d2 b5 33. cxb5 axb5 34. Bc6 Rc7 35. Bxb5 Rc2 36. Rxc2 Bxc2 37. Rc1 Bf5 38. Rc7+ 1-0

[Event "BRA-ch 87th"]
[Site "Cuiaba"]
[Date "2021.11.03"]
[Round "10"]
[White "Do Valle Cardoso, Lucas"]
[Black "Pereira, Geanfrancesco"]
[Result "0-1"]
[WhiteElo "2285"]
[BlackElo "2023"]
[PlyCount "72"]
[EventDate "2021.10.28"]
[EventType "swiss"]
[EventRounds "11"]
[EventCountry "BRA"]
[SourceTitle "CBM 205 Extra"]
[Source "ChessBase"]
[SourceDate "2022.01.31"]
[SourceVersion "1"]
[SourceVersionDate "2022.01.31"]
[SourceQuality "1"]

1. e4 e5 2. Nf3 Nf6 3. Nc3 Bb4 4. Nxe5 Qe7 5. Nd3 Bxc3 6. dxc3 Nxe4 7. Be2 0-0 8. Nf4 c6 9. c4 d6 10. 0-0 Nf6 11. Re1 Re8 12. Be3 Nbd7 13. Qd4 Ne5 14. Rad1 Bf5 15. c3 Rad8 16. h3 h6 17. Nh5 Nxh5 18. Bxh5 c5 19. Qf4 Bc2 20. Qg3 Bxd1 21. Bxh6 Nf3+ 22. gxf3 Qxe1+ 23. Kh2 Qe5 24. f4 Qf6 25. Bg5 Qf5 26. Bxd1 f6 27. Bh4 d5 28. Bg4 Qg6 29. cxd5 Kh8 30. Be6 Qxg3+ 31. Kxg3 Rxe6 32. dxe6 Kg8 33. Kf3 Rd2 34. Ke4 Kf8 35. f5 Rxb2 36. Bg3 b6 0-1

[Event "BRA-ch 87th"]
[Site "Cuiaba"]
[Date "2021.11.01"]
[Round "7"]
[White "Pereira, Geanfrancesco"]
[Black "Mendes Domingues, Ribeiro Matheus"]
[Result "1-0"]
[WhiteElo "2023"]
[BlackElo "2177"]
[PlyCount "83"]
[EventDate "2021.10.28"]
[EventType "swiss"]
[EventRounds "11"]
[EventCountry "BRA"]
[SourceTitle "CBM 205 Extra"]
[Source "ChessBase"]
[SourceDate "2022.01.31"]
[SourceVersion "1"]
[SourceVersionDate "2022.01.31"]
[SourceQuality "1"]

1. e4 c5 2. Nf3 e6 3. d3 Nc6 4. g3 Nf6 5. Bg2 d5 6. Nbd2 Be7 7. 0-0 0-0 8. Re1 b5 9. e5 Nd7 10. Nf1 Qc7 11. Bf4 Bb7 12. h4 Rfc8 13. h5 h6 14. N1h2 Bf8 15. Ng4 Qd8 16. c3 a5 17. Qd2 b4 18. Nfh2 Rab8 19. Rec1 a4 20. cxb4 cxb4 21. d4 Na5 22. Nxh6+ gxh6 23. Ng4 b3 24. Bxh6 Bxh6 25. Nxh6+ Kf8 26. Qf4 Qe7 27. Rxc8+ Rxc8 28. axb3 Nxb3 29. Rxa4 Nb6 30. Ra7 Rc4 31. Qg4 Ke8 32. Qg8+ Qf8 33. Qxf8+ Kxf8 34. Rxb7 Rb4 35. Rxf7+ Ke8 36. Rb7 Nxd4 37. Nf7 Kf8 38. h6 Kg8 39. Ng5 Nc6 40. Rg7+ Kf8 41. Nxe6+ Ke8 42. h7 1-0

[Event "BRA-ch 87th"]
[Site "Cuiaba"]
[Date "2021.10.29"]
[Round "2"]
[White "Rodrigues, Edgar"]
[Black "Pereira, Geanfrancesco"]
[Result "1-0"]
[WhiteElo "2339"]
[BlackElo "2023"]
[PlyCount "75"]
[EventDate "2021.10.28"]
[EventType "swiss"]
[EventRounds "11"]
[EventCountry "BRA"]
[SourceTitle "CBM 205 Extra"]
[Source "ChessBase"]
[SourceDate "2022.01.31"]
[SourceVersion "1"]
[SourceVersionDate "2022.01.31"]
[SourceQuality "1"]

1. e4 c5 2. Nf3 d6 3. d4 cxd4 4. Nxd4 Nf6 5. Nc3 g6 6. Be3 Bg7 7. f3 Nc6 8. Qd2 0-0 9. Bc4 Bd7 10. 0-0-0 Rb8 11. Kb1 Na5 12. Be2 a6 13. h4 b5 14. h5 Nc4 15. Bxc4 bxc4 16. Ka1 Qb6 17. Rb1 Qa5 18. Bh6 Rb4 19. Bxg7 Kxg7 20. hxg6 fxg6 21. a3 Rfb8 22. Na2 Ra4 23. Qh6+ Kg8 24. c3 Qc5 25. g4 Ra5 26. f4 Bxg4 27. f5 Kf7 28. Ne6 Qb6 29. Ng5+ Ke8 30. Nxh7 Nxe4 31. Qxg6+ Kd8 32. Qxg4 Nd2 33. Nb4 Nxb1 34. Rxb1 Re5 35. f6 a5 36. f7 Kc7 37. Qxc4+ Kb7 38. Nd5 1-0

[Event "Timbo op"]
[Site "Timbo"]
[Date "2021.02.20"]
[Round "3"]
[White "Pereira, Geanfrancesco"]
[Black "Caetano, Ryan Wesley da Cost"]
[Result "1/2-1/2"]
[WhiteElo "2016"]
[BlackElo "2243"]
[PlyCount "68"]
[EventDate "2021.02.19"]
[EventType "swiss"]
[EventRounds "6"]
[EventCountry "BRA"]
[SourceTitle "EXT 2022"]
[Source "ChessBase"]
[SourceDate "2021.10.06"]
[SourceVersion "1"]
[SourceVersionDate "2021.10.06"]
[SourceQuality "1"]

1. e4 c5 2. Nf3 d6 3. d4 cxd4 4. Nxd4 Nf6 5. Nc3 a6 6. Bg5 e6 7. f4 Nbd7 8. Qf3 h6 9. Bxf6 Qxf6 10. 0-0-0 Qd8 11. g4 Be7 12. Kb1 Qc7 13. Bg2 Nb6 14. h4 Bd7 15. Qg3 Nc4 16. g5 hxg5 17. hxg5 Rxh1 18. Bxh1 0-0-0 19. Nce2 Kb8 20. Bg2 Rc8 21. Qd3 Qb6 22. b3 e5 23. Ka1 Na3 24. Kb2 exd4 25. Kxa3 Bb5 26. Qd2 d5+ 27. Kb2 Bxe2 28. Qxe2 Bb4 29. a3 Bc3+ 30. Ka2 Rc5 31. exd5 Ka7 32. Qe8 Qd6 33. Qe5 Qd7 34. Qe4 Qd6 1/2-1/2

[Event "Titled Tuesday intern op 4th Aug 10am"]
[Site "Chess.com INT"]
[Date "2020.08.04"]
[Round "3"]
[White "Bluebaum, Matthias"]
[Black "Pereira, Geanfrancesco"]
[Result "1/2-1/2"]
[WhiteElo "2647"]
[BlackElo "2016"]
[PlyCount "123"]
[EventDate "2020.08.04"]
[EventType "swiss (blitz)"]
[EventRounds "10"]
[EventCountry "USA"]
[SourceTitle "CBM 197 Extra"]
[Source "ChessBase"]
[SourceDate "2020.09.30"]
[SourceVersion "1"]
[SourceVersionDate "2020.09.30"]
[SourceQuality "1"]

1. d4 Nf6 2. c4 g6 3. Nc3 Bg7 4. e4 d6 5. Nf3 0-0 6. Be2 e5 7. Be3 Na6 8. 0-0 Ng4 9. Bg5 Qe8 10. dxe5 dxe5 11. h3 h6 12. Bd2 Nf6 13. Be3 Nh5 14. c5 Be6 15. a3 Nf4 16. Bxa6 bxa6 17. Bxf4 exf4 18. e5 Rb8 19. b4 a5 20. Qd4 axb4 21. axb4 f6 22. Rfe1 fxe5 23. Nxe5 Bb3 24. Ra3 Qe6 25. Rxb3 Qxb3 26. Nd5 Kh7 27. Qe4 Rf5 28. Nc6 Qxd5 29. Qxd5 Rxd5 30. Nxb8 a5 31. bxa5 Rxc5 32. a6 Ra5 33. Re7 Ra1+ 34. Kh2 h5 35. Rxc7 Kh6 36. Re7 Bd4 37. g3 f3 38. g4 hxg4 39. hxg4 Bxf2 40. Rf7 Ba7 41. Nc6 Bb6 42. Rxf3 Rxa6 43. Ne7 Ra2+ 44. Kh3 Bc7 45. g5+ Kh5 46. Rg3 Bxg3 47. Kxg3 Kxg5 48. Nd5 Kf5 49. Ne3+ Ke4 50. Nc4 Ra3+ 51. Nxa3 g5 52. Nb5 Kf5 53. Nc7 g4 54. Nb5 Ke6 55. Na7 Kd6 56. Nc6 Kc5 57. Na5 Kb5 58. Nb7 Kb6 59. Nd8 Kc7 60. Nf7 Kd7 61. Nh6 Ke7 62. Nxg4 1/2-1/2

[Event "Titled Tuesday intern op 14th July"]
[Site "Chess.com INT"]
[Date "2020.07.14"]
[Round "6"]
[White "Buksa, Nataliya"]
[Black "Pereira, Geanfrancesco"]
[Result "0-1"]
[WhiteElo "2410"]
[BlackElo "2016"]
[PlyCount "116"]
[EventDate "2020.07.14"]
[EventType "swiss (blitz)"]
[EventRounds "10"]
[EventCountry "USA"]
[SourceTitle "CBM 197 Extra"]
[Source "ChessBase"]
[SourceDate "2020.09.30"]
[SourceVersion "1"]
[SourceVersionDate "2020.09.30"]
[SourceQuality "1"]

1. d4 Nf6 2. Nc3 d5 3. Bf4 g6 4. e3 Bg7 5. h4 h5 6. Nf3 Bg4 7. Be2 0-0 8. Ne5 Bf5 9. g4 hxg4 10. Nxg4 c5 11. Nxf6+ Bxf6 12. h5 Nc6 13. dxc5 Qa5 14. Qd2 Nb4 15. Bd1 Qxc5 16. a3 Nc6 17. hxg6 Bxg6 18. Nxd5 Bxb2 19. Rb1 Bg7 20. Bf3 Rad8 21. Qe2 Rxd5 22. Bxd5 Qxd5 23. Rg1 b6 24. Kf1 Rd8 25. Rg3 Qh1+ 26. Rg1 Qh3+ 27. Rg2 Be4 28. f3 Bxf3 29. Qf2 Qxg2+ 30. Qxg2 Bxg2+ 31. Kxg2 e5 32. Kf3 exf4 33. Kxf4 Rd2 34. c4 Rd3 35. a4 Rc3 36. c5 Rxc5 37. Rd1 Rc4+ 38. Kf5 Rxa4 39. Rd7 Ra5+ 40. Ke4 Re5+ 41. Kf4 Re6 42. e4 b5 43. Rc7 b4 44. Rb7 a5 45. Kf5 a4 46. e5 a3 47. Rb6 a2 48. Ra6 b3 49. Ra8+ Kh7 50. Kg5 Rxe5+ 51. Kf4 b2 52. Rxa2 b1Q 53. Rh2+ Bh6+ 54. Kg4 Qe4+ 55. Kg3 Qf4+ 56. Kh3 Re3+ 57. Kg2 Qf3+ 58. Kg1 Re1# 0-1

[Event "Titled Tuesday intern op 14th July"]
[Site "Chess.com INT"]
[Date "2020.07.14"]
[Round "1"]
[White "Pereira, Geanfrancesco"]
[Black "Mekhitarian, Krikor Sevag"]
[Result "0-1"]
[WhiteElo "2016"]
[BlackElo "2554"]
[PlyCount "76"]
[EventDate "2020.07.14"]
[EventType "swiss (blitz)"]
[EventRounds "10"]
[EventCountry "USA"]
[SourceTitle "CBM 197 Extra"]
[Source "ChessBase"]
[SourceDate "2020.09.30"]
[SourceVersion "1"]
[SourceVersionDate "2020.09.30"]
[SourceQuality "1"]

1. e4 g6 2. d4 Bg7 3. Nc3 d6 4. Be3 a6 5. Qd2 b5 6. f3 Nd7 7. h4 h5 8. 0-0-0 Bb7 9. Kb1 Rc8 10. Nge2 c5 11. d5 Ngf6 12. Nf4 Ne5 13. Be2 Qa5 14. a3 Nfd7 15. Rhe1 Nb6 16. Na2 Qxd2 17. Bxd2 Nbc4 18. Bc1 0-0 19. g4 hxg4 20. fxg4 Nb6 21. h5 g5 22. Ng2 Bf6 23. Ne3 Rc7 24. Nf5 Bc8 25. b3 Bxf5 26. gxf5 Kh7 27. Rg1 Rg8 28. Bb2 Ned7 29. Bc1 Ne5 30. Bb2 Nbd7 31. Nc1 Kh6 32. Rg2 c4 33. Bd4 cxb3 34. cxb3 Rgc8 35. Rdg1 Rc2 36. Nd3 Nxd3 37. Bxd3 Rxg2 38. Rxg2 Bxd4 0-1

[Event "Titled Tuesday intern op 7th July"]
[Site "Chess.com INT"]
[Date "2020.07.07"]
[Round "9"]
[White "Pereira, Geanfrancesco"]
[Black "Vovk, Orest"]
[Result "1-0"]
[WhiteElo "2016"]
[BlackElo "2315"]
[PlyCount "62"]
[EventDate "2020.07.07"]
[EventType "swiss (blitz)"]
[EventRounds "10"]
[EventCountry "USA"]
[SourceTitle "CBM 197 Extra"]
[Source "ChessBase"]
[SourceDate "2020.09.30"]
[SourceVersion "1"]
[SourceVersionDate "2020.09.30"]
[SourceQuality "1"]

1. e4 g5 2. d4 g4 3. Qxg4 d5 4. Qh4 dxe4 5. Nc3 Qxd4 6. Be3 Qb4 7. 0-0-0 Bg7 8. Nge2 Nc6 9. a3 Qc4 10. Nd5 Qa2 11. Nxc7+ Kf8 12. Nxa8 Bxb2+ 13. Kd2 Qxa3 14. Qxe4 h5 15. Nf4 Nf6 16. Qc4 Qa5+ 17. Ke2 Kg7 18. f3 Ne5 19. Qc5 Qa3 20. Qxa3 Bxa3 21. Nc7 Bd7 22. Ncd5 Nxd5 23. Nxd5 e6 24. Bd4 f6 25. Nxf6 Kxf6 26. f4 Kf5 27. Bxe5 Bb5+ 28. c4 Bxc4+ 29. Kf3 Bd5+ 30. Rxd5 exd5 31. Bxh8 b5 1-0

[Event "Titled Tuesday intern op 30th June"]
[Site "Chess.com INT"]
[Date "2020.06.30"]
[Round "10"]
[White "Pereira, Geanfrancesco"]
[Black "Aleksandrov, Aleksej"]
[Result "1-0"]
[WhiteElo "2016"]
[BlackElo "2608"]
[PlyCount "67"]
[EventDate "2020.06.30"]
[EventType "swiss (blitz)"]
[EventRounds "10"]
[EventCountry "USA"]
[SourceTitle "CBM 197 Extra"]
[Source "ChessBase"]
[SourceDate "2020.09.30"]
[SourceVersion "1"]
[SourceVersionDate "2020.09.30"]
[SourceQuality "1"]

1. e4 e5 2. Nf3 Nc6 3. Bc4 Bc5 4. b4 Bxb4 5. c3 Ba5 6. d4 d6 7. Qb3 Qd7 8. dxe5 Bb6 9. Nbd2 Na5 10. Qc2 Ne7 11. 0-0 0-0 12. exd6 cxd6 13. Bd3 Ng6 14. Nb3 Re8 15. Rb1 Nxb3 16. axb3 Qc7 17. h3 Bd7 18. Re1 Rac8 19. Bb2 Qc5 20. c4 Qh5 21. Qc3 f6 22. Bf1 Bc6 23. Nd2 Qg5 24. Nf3 Qh5 25. Nd2 Re6 26. c5 Bxc5 27. Bc4 d5 28. exd5 Rxe1+ 29. Rxe1 Bxd5 30. Ne4 b5 31. Nxf6+ gxf6 32. Qxf6 Bf8 33. Qe6+ Bxe6 34. Bxe6# 1-0

[Event "Titled Tuesday intern op 30th June"]
[Site "Chess.com INT"]
[Date "2020.06.30"]
[Round "8"]
[White "Pereira, Geanfrancesco"]
[Black "Livaic, Leon"]
[Result "0-1"]
[WhiteElo "2016"]
[BlackElo "2507"]
[PlyCount "148"]
[EventDate "2020.06.30"]
[EventType "swiss (blitz)"]
[EventRounds "10"]
[EventCountry "USA"]
[SourceTitle "CBM 197 Extra"]
[Source "ChessBase"]
[SourceDate "2020.09.30"]
[SourceVersion "1"]
[SourceVersionDate "2020.09.30"]
[SourceQuality "1"]

1. e4 c5 2. Nf3 e6 3. d4 cxd4 4. Nxd4 Nc6 5. Nb5 d6 6. Bf4 e5 7. Bg5 Qxg5 8. Nc7+ Kd8 9. Nxa8 b6 10. Nc3 Bb7 11. Nxb6 axb6 12. Nb5 Nf6 13. Nxd6 Bxd6 14. Qxd6+ Kc8 15. Ba6 Nb8 16. Bxb7+ Kxb7 17. Qe7+ Ka8 18. 0-0 Rc8 19. c3 Nxe4 20. Qxf7 Nc6 21. a4 Nd6 22. Qd5 Nb7 23. b4 Qd8 24. Qb5 Nd6 25. Qa6+ Kb8 26. a5 b5 27. Qb6+ Qxb6 28. axb6 Kb7 29. Rfd1 Rd8 30. f3 Kxb6 31. Rd5 Kc7 32. Rad1 Nc4 33. Kf2 Ra8 34. Rxb5 Ra2+ 35. Kg3 Ne3 36. Rg1 Kd6 37. Rc5 Ne7 38. Kh3 g6 39. g3 g5 40. Re1 N3d5 41. Ra5 Rc2 42. Ra6+ Kd7 43. Rxe5 Rxc3 44. Rxg5 Rxf3 45. Ra7+ Ke6 46. Rg7 h5 47. Rh7 Nf4+ 48. Kh4 Nfg6+ 49. Kg5 Rf5+ 50. Kh6 Rb5 51. Rhxe7+ Nxe7 52. Ra6+ Kf7 53. Ra5 Rxb4 54. Kxh5 Ng8 55. g4 Nf6+ 56. Kg5 Rxg4+ 57. Kf5 Rd4 58. Ra7+ Nd7 59. h4 Ke7 60. h5 Rd5+ 61. Kg6 Rd6+ 62. Kg7 Ke6 63. Rxd7 Rxd7+ 64. Kg6 Rd1 65. h6 Rg1+ 66. Kh7 Kf7 67. Kh8 Rb1 68. Kh7 Rb2 69. Kh8 Rb1 70. Kh7 Rg1 71. Kh8 Rg2 72. Kh7 Rc2 73. Kh8 Kg6 74. h7 Rc8# 0-1

[Event "Titled Tuesday intern op 30th June"]
[Site "Chess.com INT"]
[Date "2020.06.30"]
[Round "3"]
[White "Pereira, Geanfrancesco"]
[Black "Sanchez Alvares, Kelvin Antonio"]
[Result "1-0"]
[WhiteElo "2016"]
[BlackElo "2250"]
[PlyCount "63"]
[EventDate "2020.06.30"]
[EventType "swiss (blitz)"]
[EventRounds "10"]
[EventCountry "USA"]
[SourceTitle "CBM 197 Extra"]
[Source "ChessBase"]
[SourceDate "2020.09.30"]
[SourceVersion "1"]
[SourceVersionDate "2020.09.30"]
[SourceQuality "1"]

1. e4 c5 2. Nf3 d6 3. d4 cxd4 4. Nxd4 Nf6 5. Nc3 g6 6. Be2 Bg7 7. g4 0-0 8. g5 Nfd7 9. h4 Nc6 10. Nb3 a5 11. a4 Nc5 12. Nxc5 dxc5 13. h5 Qxd1+ 14. Nxd1 Nb4 15. Ne3 Bd4 16. Bd1 Rd8 17. hxg6 hxg6 18. c3 Nd3+ 19. Ke2 Nxc1+ 20. Rxc1 Bg7 21. Bb3 Be6 22. Bxe6 fxe6 23. Nc4 Rf8 24. Rcd1 Rf4 25. f3 Raf8 26. Rhf1 Rh4 27. Rd7 Rb8 28. Rxe7 b5 29. axb5 Rxb5 30. Rxe6 Kf7 31. Rc6 a4 32. Nd6+ 1-0

[Event "Sao Paulo Carnaval op"]
[Site "Sao Paulo"]
[Date "2020.02.24"]
[Round "6"]
[White "Pereira, Geanfrancesco"]
[Black "Do Valle Cardoso, Lucas"]
[Result "0-1"]
[WhiteElo "2034"]
[BlackElo "2238"]
[PlyCount "84"]
[EventDate "2020.02.22"]
[EventType "swiss"]
[EventRounds "7"]
[EventCountry "BRA"]
[SourceTitle "CBM 195 Extra"]
[Source "ChessBase"]
[SourceDate "2020.05.31"]
[SourceVersion "1"]
[SourceVersionDate "2020.05.31"]
[SourceQuality "1"]

1. Nf3 d5 2. d4 Nf6 3. b3 e6 4. g3 Be7 5. Bg2 0-0 6. 0-0 c5 7. e3 Nc6 8. Bb2 b6 9. Qe2 Qc7 10. Nbd2 cxd4 11. exd4 a5 12. c4 Ba6 13. Ne5 Rac8 14. Rfd1 a4 15. Nxc6 Qxc6 16. Rac1 Qc7 17. Qe3 Qd8 18. c5 bxc5 19. dxc5 Ne4 20. Qf3 Bf6 21. Bxf6 Nxf6 22. b4 Qe7 23. Nb1 Rb8 24. a3 Bc4 25. Nc3 Bb3 26. Rd2 Rfd8 27. Qd3 e5 28. Re1 Qe6 29. f4 e4 30. Nxe4 Kf8 31. Rc1 dxe4 32. Qxd8+ Rxd8 33. Rxd8+ Ke7 34. Rd6 Qg4 35. Re1 Be6 36. Ra6 g5 37. fxg5 Qxg5 38. Rxa4 Qd2 39. Rf1 e3 40. Ra7+ Nd7 41. Bf3 e2 42. Bxe2 Qxe2 0-1

[Event "Sao Paulo Carnaval op"]
[Site "Sao Paulo"]
[Date "2020.02.23"]
[Round "4"]
[White "Di Berardino, Diego Rafael"]
[Black "Pereira, Geanfrancesco"]
[Result "1-0"]
[WhiteElo "2478"]
[BlackElo "2034"]
[PlyCount "129"]
[EventDate "2020.02.22"]
[EventType "swiss"]
[EventRounds "7"]
[EventCountry "BRA"]
[SourceTitle "CBM 195 Extra"]
[Source "ChessBase"]
[SourceDate "2020.05.31"]
[SourceVersion "1"]
[SourceVersionDate "2020.05.31"]
[SourceQuality "1"]

1. Nf3 Nf6 2. g3 g6 3. b3 Bg7 4. Bb2 0-0 5. Bg2 c5 6. c4 d5 7. cxd5 Nxd5 8. Bxg7 Kxg7 9. 0-0 Bg4 10. d4 cxd4 11. Nxd4 Qd7 12. Qd2 Rd8 13. Rd1 Nf6 14. Qe3 Nc6 15. Bxc6 bxc6 16. Nc3 Nd5 17. Nxd5 cxd5 18. f3 Bh3 19. g4 h5 20. gxh5 Rh8 21. hxg6 Qd6 22. gxf7 Kxf7 23. Kf2 Bd7 24. Rg1 Qxh2+ 25. Ke1 e5 26. Nc2 d4 27. Qf2 Qh6 28. f4 Qxf4 29. Qxf4+ exf4 30. Nxd4 Kf6 31. Rc1 Rac8 32. Rxc8 Rxc8 33. Kd2 a5 34. Rh1 a4 35. Rh6+ Ke5 36. Nf3+ Kf5 37. Rd6 Be8 38. Rd5+ Kf6 39. Rd4 axb3 40. Rxf4+ Ke7 41. axb3 Bg6 42. Nd4 Ra8 43. e4 Bf7 44. Kc3 Rc8+ 45. Kb2 Bg8 46. Rh4 Kf6 47. Nf3 Rb8 48. Rf4+ Ke7 49. Nd4 Kd6 50. Rg4 Bf7 51. Rf4 Bg8 52. Rh4 Rb7 53. Rh5 Bf7 54. Rh7 Ke5 55. Nf3+ Kf4 56. Nd2 Ke3 57. e5 Bd5 58. Rxb7 Bxb7 59. Kc3 Bd5 60. b4 Bc6 61. Kc4 Kf4 62. Kc5 Be8 63. Kb6 Ke3 64. Nc4+ Kd4 65. Na3 1-0

[Event "Florianopolis op 6th"]
[Site "Florianopolis"]
[Date "2020.01.25"]
[Round "8"]
[White "Jenidarchiche, Douglas Rodrigo"]
[Black "Pereira, Geanfrancesco"]
[Result "1-0"]
[WhiteElo "1772"]
[BlackElo "2078"]
[PlyCount "101"]
[EventDate "2020.01.20"]
[EventType "swiss"]
[EventRounds "10"]
[EventCountry "BRA"]
[SourceTitle "CBM 194 Extra"]
[Source "ChessBase"]
[SourceDate "2020.03.31"]
[SourceVersion "1"]
[SourceVersionDate "2020.03.31"]
[SourceQuality "1"]

1. d4 Nf6 2. c4 g6 3. Nf3 Bg7 4. Nc3 0-0 5. g3 d6 6. Bg2 Nbd7 7. 0-0 e5 8. e3 Re8 9. b4 Qe7 10. Qb3 Nf8 11. Bb2 e4 12. Nd2 Bf5 13. Rac1 c6 14. d5 h5 15. Ne2 N8h7 16. dxc6 bxc6 17. Nd4 Bd7 18. c5 h4 19. Rfd1 d5 20. a4 a6 21. b5 axb5 22. axb5 cxb5 23. Nxb5 Bg4 24. Re1 Rab8 25. c6 h3 26. Bf1 Ng5 27. c7 Rb6 28. Bd4 Rb7 29. Qa4 Bc8 30. Qa5 Ng4 31. Be2 Ne5 32. Bc5 Qf6 33. Nd6 Ngf3+ 34. Nxf3 Nxf3+ 35. Kh1 Nd4 36. f4 Nxe2 37. Rxe2 Qe6 38. Nxb7 Bxb7 39. Qb6 Qg4 40. Rf2 Bc8 41. Qc6 Bd7 42. Qxd5 Bc8 43. Bb6 Bf5 44. Qd8 Kh7 45. Qg5 Bf8 46. Qf6 Kg8 47. Bd4 Qh5 48. Be5 Ra8 49. Kg1 Rc8 50. Rb1 Re8 51. Qd8 1-0

[Event "Caioba Copel op 5th"]
[Site "Caioba"]
[Date "2019.09.17"]
[Round "4"]
[White "Soares, Gustavo Henrique"]
[Black "Pereira, Geanfrancesco"]
[Result "1/2-1/2"]
[WhiteElo "1869"]
[BlackElo "2089"]
[PlyCount "95"]
[EventDate "2019.08.15"]
[EventType "swiss"]
[EventRounds "6"]
[EventCountry "BRA"]
[SourceTitle "EXT 2020"]
[Source "ChessBase"]
[SourceDate "2019.10.17"]
[SourceVersion "1"]
[SourceVersionDate "2019.10.17"]
[SourceQuality "1"]

1. d4 d6 2. c4 g6 3. Nc3 Bg7 4. e4 Nf6 5. Nge2 0-0 6. g3 c6 7. Bg2 a6 8. 0-0 Nbd7 9. b4 Qc7 10. Qc2 e5 11. d5 cxd5 12. cxd5 Nb6 13. a4 Bd7 14. Qb3 Rfc8 15. Bg5 Qc4 16. Qa3 Nxa4 17. Nxa4 Bxa4 18. Qxa4 Qxe2 19. Bxf6 Bxf6 20. Qd7 Rd8 21. Qxb7 Rab8 22. Qxa6 Qxa6 23. Rxa6 Rxb4 24. Rc1 Rb7 25. Rcc6 Be7 26. Rcb6 Rxb6 27. Rxb6 Bg5 28. Bh3 Bd2 29. Rc6 Kf8 30. Rc8 Ke8 31. Rxd8+ Kxd8 32. Kf1 Kc7 33. Ke2 Bb4 34. f4 exf4 35. gxf4 f6 36. Be6 Kb6 37. Bg8 h6 38. Bf7 g5 39. fxg5 hxg5 40. Kf3 Kc5 41. Kg4 Bc3 42. h3 Kd4 43. Bg6 Ke3 44. Bf5 Be5 45. Bg6 Bc3 46. Bf5 Be5 47. Bg6 Bc3 48. Bf5 1/2-1/2

[Event "Florianopolis Winter op 5th"]
[Site "Florianopolis"]
[Date "2019.09.01"]
[Round "6"]
[White "Emendorfer, Daniel V Goncalves"]
[Black "Pereira, Geanfrancesco"]
[Result "0-1"]
[WhiteElo "1800"]
[BlackElo "2089"]
[PlyCount "78"]
[EventDate "2019.08.30"]
[EventType "swiss"]
[EventRounds "7"]
[EventCountry "BRA"]
[SourceTitle "EXT 2020"]
[Source "ChessBase"]
[SourceDate "2019.10.17"]
[SourceVersion "1"]
[SourceVersionDate "2019.10.17"]
[SourceQuality "1"]

1. d4 Nf6 2. c4 g6 3. Nc3 Bg7 4. e4 0-0 5. Be2 d6 6. Nf3 Na6 7. Bg5 Qe8 8. 0-0 e5 9. d5 Nc5 10. Nd2 a5 11. b3 Bd7 12. a3 h5 13. Qc2 Nh7 14. Be3 f5 15. f3 f4 16. Bf2 g5 17. b4 axb4 18. axb4 Na6 19. c5 dxc5 20. bxc5 g4 21. c6 Bc8 22. Qb3 bxc6 23. Ra4 g3 24. hxg3 fxg3 25. Be3 Qg6 26. Rfa1 Bh6 27. dxc6+ Kh8 28. Nd5 Qxc6 29. Ne7 Qe6 30. Bxh6 Qxh6 31. Qc3 Qb6+ 32. Kh1 Qf6 33. Ng6+ Qxg6 34. Qxe5+ Qf6 35. Qxg3 h4 36. Qh2 Bb7 37. Bxa6 Rxa6 38. Qxc7 Rxa4 39. Rxa4 Rc8 0-1

[Event "American Continental 15th"]
[Site "Sao Paulo"]
[Date "2019.07.13"]
[Round "11"]
[White "Sanchez Alvarez, Roberto Carlos"]
[Black "Pereira, Geanfrancesco"]
[Result "1-0"]
[WhiteElo "2434"]
[BlackElo "2068"]
[PlyCount "55"]
[EventDate "2019.07.05"]
[EventType "swiss"]
[EventRounds "11"]
[EventCountry "BRA"]
[SourceTitle "CBM 191 Extra"]
[Source "ChessBase"]
[SourceDate "2019.09.30"]
[SourceVersion "1"]
[SourceVersionDate "2019.09.30"]
[SourceQuality "1"]

1. Nf3 d5 2. d4 c6 3. c4 e6 4. Nc3 f5 5. Bf4 Nf6 6. e3 Be7 7. Qc2 0-0 8. h3 Ne4 9. g4 Bb4 10. Qb3 Qa5 11. Rc1 Nd7 12. Bd3 Ndf6 13. Ne5 Nxc3 14. bxc3 Be7 15. Ke2 Qd8 16. Rhg1 Qe8 17. Rg2 Kh8 18. Rcg1 Rg8 19. cxd5 Nxd5 20. Bh2 b5 21. Kd2 Bf6 22. gxf5 exf5 23. e4 fxe4 24. Bxe4 Be6 25. Bxh7 Kxh7 26. Qc2+ Kh8 27. Ng6+ Kh7 28. Nf8+ 1-0